| 000 -LEADER |
| fixed length control field |
00812nam a22001577a 4500 |
| 003 - CONTROL NUMBER IDENTIFIER |
| control field |
OSt |
| 005 - DATE AND TIME OF LATEST TRANSACTION |
| control field |
20151003144001.0 |
| 008 - FIXED-LENGTH DATA ELEMENTS--GENERAL INFORMATION |
| fixed length control field |
151003b xxu||||| |||| 00| 0 eng d |
| 040 ## - CATALOGING SOURCE |
| Transcribing agency |
RUA |
| 082 ## - DEWEY DECIMAL CLASSIFICATION NUMBER |
| Classification number |
AVM SUN 1993 B073 Or.1 |
| 100 ## - MAIN ENTRY--PERSONAL NAME |
| 9 (RLIN) |
1906 |
| Personal name |
SUN HENG |
| 245 ## - TITLE STATEMENT |
| Title |
The effect of replacing dried fish meal with cassava leaf meal on digestion and digestive tract of local chickens, (ការសិក្សាលើប្រសិទ្ធភាព នៃការជំនួសម្សៅត្រីដោយម្សៅស្លឹកដំឡូងឈើលើការរំលាយអាហារ និងប្រដាប់រំលាយអាហារ នៃមាន់ក្នុងស្រុក) |
| 260 ## - PUBLICATION, DISTRIBUTION, ETC. (IMPRINT) |
| Place of publication, distribution, etc. |
phnom penh |
| Name of publisher, distributor, etc. |
RUA |
| Date of publication, distribution, etc. |
1993 |
| 300 ## - PHYSICAL DESCRIPTION |
| Extent |
ix.45p. |
| Other physical details |
ill. |
| Dimensions |
29cm. |
| 942 ## - ADDED ENTRY ELEMENTS (KOHA) |
| Source of classification or shelving scheme |
|
| Koha item type |
AVM |